|
|
|
|
| LEADER |
00577nam a22001817a 4500 |
| 005 |
20151215125155.0 |
| 008 |
091106t xxu||||| |||| 00| 0 eng d |
| 082 |
|
|
|a 001.42
|b ZIK
|
| 100 |
|
|
|a Zikmund, William G.
|9 2047
|
| 245 |
|
|
|a Business research methods
|
| 250 |
|
|
|a 4th ed.
|
| 300 |
|
|
|a xxii, 776p.
|
| 653 |
|
|
|a Business research
|
| 942 |
|
|
|c BK
|6 _
|
| 260 |
|
|
|a New York
|b Dryden press
|c 1984
|
| 020 |
|
|
|a 0030975859
|
| 999 |
|
|
|c 98740
|d 98740
|
| 952 |
|
|
|0 0
|1 0
|2 ddc
|4 0
|6 00142_ZIK
|7 0
|9 124409
|a SMS
|b SMS
|c GEN
|d 2009-11-06
|l 6
|m 1
|o 001.42 ZIK
|p SMS018888
|r 2015-10-20
|s 2015-10-20
|w 2009-11-06
|y BK
|